000 01106nac a22002891i 4500
003 EG-ScBUE
005 20250423122955.0
008 250325s1997 enka f b f001 0 eng d
020 _a9780521479110
020 _a0521479118 (pbk.)
040 _aEG-ScBUE
_beng
_erda
_cEG-ScBUE
_dEG-ScBUE
082 0 4 _a523.112
_bPET
_222
100 1 _aPeterson, Bradley M.,
_eauthor.
245 1 3 _aAn introduction to active galactic nuclei /
_cBradley M. Peterson, Department of Astronomy, The Ohio State University.
250 _aFirst edition.
264 1 _aCambridge :
_bCambridge University Press,
_c1997.
300 _axvi, 238 pages :
_billustrations ;
_c28 cm
336 _2rdacontent
_atext
_btxt
337 _aunmediated
_2rdamedia
_bn
338 _avolume
_bnc
_2rdacarrier
504 _aIncludes bibliographical references and index.
650 7 _aActive galactic nuclei.
_2BUEsh
655 _vReading book
856 4 2 _3Publisher description
_uhttp://www.loc.gov/catdir/description/cam027/96026005.html
856 4 2 _3Table of contents
_uhttp://www.loc.gov/catdir/toc/cam021/96026005.html
942 _cBB
_2ddc
999 _c9312
_d9312